المرشد في التقييم التغذوي / (رقم التسجيلة. 23100)

تفاصيل مارك
000 -LEADER
fixed length control field 00653nam a22002177a 4500
005 - DATE AND TIME OF LATEST TRANSACTION
control field 20251108165238.0
008 - FIXED-LENGTH DATA ELEMENTS--GENERAL INFORMATION
fixed length control field 250721s1993 xx 000 0 ara d
082 14 - DEWEY DECIMAL CLASSIFICATION NUMBER
Classification number 613.2/بيغ
100 1# - MAIN ENTRY--PERSONAL NAME
Personal name بيغين، إيفان
245 10 - TITLE STATEMENT
Title المرشد في التقييم التغذوي /
246 11 - VARYING FORM OF TITLE
Title proper/short title A guide to nutritional
264 1# - PRODUCTION, PUBLICATION, DISTRIBUTION, MANUFACTURE, AND COPYRIGHT NOTICE
Place of production, publication, distribution, manufacture الإسكندرية :
Name of producer, publisher, distributor, manufacturer المكتب الإقليمي لشرق المتوسط،
Date of production, publication, distribution, manufacture, or copyright notice 1993.
300 ## - PHYSICAL DESCRIPTION
Extent 80ص
650 17 - SUBJECT ADDED ENTRY--TOPICAL TERM
Topical term or geographic name as entry element الغذاء
650 17 - SUBJECT ADDED ENTRY--TOPICAL TERM
Topical term or geographic name as entry element التغذية
650 17 - SUBJECT ADDED ENTRY--TOPICAL TERM
Topical term or geographic name as entry element الصحة
700 1# - ADDED ENTRY--PERSONAL NAME
Personal name كاب، ميريام
700 1# - ADDED ENTRY--PERSONAL NAME
Personal name برونو، دوجاردان
942 ## - ADDED ENTRY ELEMENTS (KOHA)
Source of classification or shelving scheme Dewey Decimal Classification
Koha item type كتب
المقتنيات
حالة السحب حالة الفقدان مصدر التصنيف حالة التلف غير قابل للإعارة المكتبة الرئيسية المكتبة الحالية موقع الرف تاريخ التزويد الرقم المتسلسل Total Checkouts رقم الإستدعاء الباركود تاريخ آخر ظهور تاريخ الفاتورة نوع المادة (كوها)
    Dewey Decimal Classification     مكتبة الأميرة ايمان العامة مكتبة الأميرة ايمان العامة الإعارة 27/11/2013 [3768]   613.2/بيغ PLD00288155 28/07/2025 27/11/2013 كتب
    Dewey Decimal Classification     مكتبة الراية الهاشمية للأطفال مكتبة الراية الهاشمية للأطفال الأطفال 15/09/2015 1466608   613.2/بيغ PLD00347243 28/07/2025 15/09/2015 كتب
Implemented & Customized by: BBB with SCIT (Smart Chains for Information Technology)

Powered by Koha